Afghanistan: (Record no. 8443)
[ view plain ]
| 000 -LEADER | |
|---|---|
| fixed length control field | 00858nam a2200253 a 4500 |
| 003 - CONTROL NUMBER IDENTIFIER | |
| JCCL marc code | BD-JhCC |
| 005 - DATE AND TIME OF LATEST TRANSACTION | |
| control field | 20180224182253.0 |
| 008 - FIXED-LENGTH DATA ELEMENTS--GENERAL INFORMATION | |
| fixed length control field | 720926s1967 enkabf b 000 0 eng d |
| 035 ## - SYSTEM CONTROL NUMBER | |
| system control number | (BD-JhCC) |
| 040 ## - CATALOGING SOURCE | |
| Original cataloging agency | DLC |
| Transcribing agency | FIN |
| Modifying agency | OCL |
| -- | SER |
| -- | UKM |
| -- | BD-JhCC |
| 041 ## - LANGUAGE CODE | |
| Language code of Book | eng |
| 082 ## - DEWEY DECIMAL CLASSIFICATION NUMBER | |
| Classification number | 958.1 |
| Author mark and Year | FRA 1967 |
| 100 1# - MAIN ENTRY--PERSONAL NAME | |
| Personal name | Fraser-Tytler, W. K. |
| Fuller form of name | (William Kerr), |
| Dates associated with a name | 1886-1963 |
| 245 10 - TITLE STATEMENT | |
| Title | Afghanistan: |
| Remainder of title | A study of political developments in central and southern Asia / |
| Statement of responsibility, etc | by W.K. Fraser-Tytler. |
| 250 ## - EDITION STATEMENT | |
| Edition statement | 3rd ed., |
| 260 ## - PUBLICATION, DISTRIBUTION, ETC. (IMPRINT) | |
| Place of publication, distribution, etc | London, |
| -- | New York [etc.] |
| Name of publisher, distributor, etc | Oxford U.P., |
| Date of publication, distribution, etc | 1967. |
| 300 ## - PHYSICAL DESCRIPTION | |
| Pagination | xvi, 362 p. |
| Other physical details | front. plates, maps, diagrs. |
| Dimensions | 23 cm. |
| 504 ## - BIBLIOGRAPHY, ETC. NOTE | |
| Bibliography, etc | Bibliography: p. 347-350. |
| 650 #0 - SUBJECT ADDED ENTRY--TOPICAL TERM | |
| Topical term or geographic name as entry element | Eastern question (Central Asia) |
| 651 #0 - SUBJECT ADDED ENTRY--GEOGRAPHIC NAME | |
| Geographic name | Afghanistan |
| General subdivision | History. |
| 700 1# - ADDED ENTRY--PERSONAL NAME | |
| Personal name | Gillett, M. C. |
| Fuller form of name | (Michael Cavenagh), |
| Dates associated with a name | 1907-1971. |
| 942 ## - ADDED ENTRY ELEMENTS (KOHA) | |
| Source of classification or shelving scheme | Dewey Decimal Classification |
| Koha item type | Books |
| Source of classification or shelving scheme | Damaged status | Not for loan | Home library | Current library | Shelving location | Date of accession | Total Checkouts | Full call number | Barcode | Date last seen | Copy number | Koha item type |
|---|---|---|---|---|---|---|---|---|---|---|---|---|
| Dewey Decimal Classification | JCC Rouf Library | JCC Rouf Library | General Stacks | 02/24/2018 | 958.1 FRA 1967 | 11023 | 02/24/2018 | C-1 | Books |